000 00912cam a2200277 4500
001 2614
003 BD-RjUL
005 20211208233605.0
008 131212r19701974ii bs 001 0 eng
035 _a(BD-RjUL)2641
040 _aDLC
_cDLC
_dDLC
_dBD-RjUL
_beng
041 _aeng
082 0 0 _a331.0973
_221
_bROL 1974
100 1 _aBok, Derek C.
_q(Derek Curtis)
_98457
245 1 0 _aLabor and the American community /
_cby Derek C. Bok and John T. Dunlop.
250 _aEast- West ed.
260 _aNew Delhi,
_bAffiliated East- West
_cc1970 [Reprinted 1974].
300 _a542 p. ;
_c22 cm.
504 _aIncludes bibliographical references.
650 0 _aLabor unions
_zUnited States.
_92608
650 0 _aCollective bargaining
_zUnited States.
_97752
700 1 _aDunlop, John T.
_d1914-2003.,
_q(John Thomas),
_ejoint author.
_98458
942 _2ddc
_cBK
999 _c2614
_d2614